000
00226nam a22000977a 4500
040
_c
SY
082
_a
634
100
_a
LAM VAY; ឡាំ វ៉ៃ
245
_a
Agroforestry, កសិរុក្ខកម្ម
942
_c
AEDBB
999
_c
9378
_d
9378